[Event "VIII Iberoamericano Mexico 2022"]
[Site "Mexico City"]
[Date "2022.02.16"]
[Round "5.1"]
[White "Vazquez, Guillermo"]
[Black "Santos Latasa, Jaime"]
[Result "1/2-1/2"]
[WhiteElo "2545"]
[BlackElo "2640"]
[Annotator "TA"]
[PlyCount "46"]
[EventDate "2022.02.12"]
[EventType "swiss"]
[EventCountry "MEX"]
[SourceTitle "playchess.com"]
[Source "ChessBase"]
[SourceQuality "1"]

{[%evp 20,46,0,0,5,0,0,0,0,0,0,0,0,0,0,0,32,0,9,10,9,14,54,2,2,0,0,-1,39]} 1. e4 {[%cal Be2e4,Be4e5][%mdl 32]} c5 2. c3 Nf6 3. e5 Nd5 4. Nf3 d6 5. exd6 e6 6. g3 Bxd6 7. Bg2 O-O 8. O-O Nc6 9. d4 cxd4 10. Nxd4 Nxd4 11. Qxd4 Qc7 {B22: Sicilian: 2 c3.} 12. c4 $1 {[%mdl 4] is recently more successful than 12.Nd2.} Nf6 13. Nc3 {Strongly threatening Nb5.} Bd7 14. Nb5 Bxb5 15. cxb5 {[#]} Rfd8 $146 {[%cal Od6g3] White must now prevent ...Bxg3!} ({Predecessor:} 15... Bc5 16. Bf4 Qb6 17. Qc4 Rac8 18. Qe2 Bd4 19. a4 Rc5 20. Rad1 e5 21. b4 exf4 22. bxc5 Bxc5 {½-½ (45) Kamsky,G (2666)-Potkin,V (2597) St Petersburg 2018}) 16. Qc3 Nd5 17. Qb3 Be5 18. Bg5 {And now Rac1 would win.} Rd7 19. Rfd1 {[%cal Rg2d5]} h6 {[#]} 20. Rac1 $1 Nc3 (20... Qa5 21. Bxd5) 21. bxc3 (21. Rxd7 $1 $14 Ne2+ 22. Kh1 Qxd7 {[#]} 23. Rd1 $1) 21... Rxd1+ {The position is equal.} 22. Rxd1 hxg5 23. c4 Rc8 {An interesting draw.  Weighted Error Value: White=0.12 (very precise) /Black=0.06 (flawless)} 1/2-1/2

[Event "VIII Iberoamericano Mexico 2022"]
[Site "Mexico City"]
[Date "2022.02.16"]
[Round "5.2"]
[White "Cordova, Emilio"]
[Black "Mareco, Sandro"]
[Result "0-1"]
[WhiteElo "2534"]
[BlackElo "2643"]
[Annotator "TA"]
[PlyCount "82"]
[EventDate "2022.02.12"]
[EventType "swiss"]
[EventCountry "MEX"]
[SourceTitle "playchess.com"]
[Source "ChessBase"]
[SourceQuality "1"]

{[%evp 13,82,16,20,0,0,0,0,0,0,-8,41,0,0,0,16,0,0,-20,0,-49,32,40,35,38,71,82,64,72,271,261,464,469,449,453,431,239,255,254,236,232,218,238,237,221,241,-89,-64,-154,-155,-154,-122,-128,0,-148,-148,-737,-348,-29989,-5165,-2429,61,-2173,-2178,-1943,-1747,-29987,-29988,-29988,-29989,-29992,-29993]} 1. Nf3 Nf6 2. e3 g6 3. d4 Bg7 4. Be2 O-O 5. O-O d6 6. c4 Nbd7 7. Nc3 e5 8. a4 {E61: King's Indian: Early deviations for White, including Smyslov System.} a5 9. b3 Re8 10. Ba3 {The position is equal.} e4 11. Nd2 Nf8 (11... Nb8 $11 {feels stronger.}) 12. Nb5 (12. Qc2 $14) 12... h5 13. Rc1 {[#]} Bd7 $146 ({Predecessor:} 13... h4 14. Re1 N8h7 15. Nf1 Bf8 16. c5 d5 17. c6 b6 18. Bxf8 Rxf8 19. f3 exf3 20. Bxf3 {½-½ (92) Cupid,K (2166)-El Jawich,A (2260) Baku 2016}) 14. Rc3 N8h7 15. Qc2 h4 16. c5 (16. h3 $1 $11 {should be considered.}) 16... dxc5 (16... d5 $15) 17. Rxc5 $14 Bf8 18. Nxc7 Bxc5 19. Qxc5 Rc8 20. Rc1 {aiming for Qd6.} (20. Nxe8 $6 Rxc5 21. Nxf6+ Nxf6 $11) 20... Be6 $2 (20... Bf5 $16) 21. Qe5 $1 $18 (21. Qxa5 $2 Nd5 22. Nxe4 Rxc7 23. Rxc7 Qxc7 24. Qxc7 Nxc7 $17) 21... Re7 $2 (21... h3 22. gxh3 (22. Nxe8 Rxc1+ 23. Bxc1 Qxe8 $18) (22. Qxa5 $2 Nd5 $19) (22. Nxe4 Nxe4 23. Nxe8 Rxc1+ 24. Bxc1 Qxe8 $16) 22... Nd7) 22. Bxe7 Qxe7 23. Rc5 {To avoid Nd5} b6 {[#]} 24. Nd5 Nxd5 25. Rxc8+ {[%mdl 64] Overworked Piece} (25. Rxd5 Rc2 26. Nxe4 (26. Qb8+ $2 Kg7 $19) 26... Rxe2 $17) 25... Bxc8 26. Qxd5 Qb4 27. Nxe4 Be6 28. Qd8+ Kg7 29. d5 $2 Bg4 $1 $17 {The board is on fire.} 30. f3 (30. Qxh4 $2 Bxe2 31. f3 Qxb3 $19) (30. Bf1 $1 $15 Qxe4 31. h3) 30... Qe1+ $1 31. Bf1 Qxe3+ 32. Nf2 {[#]} Bxf3 33. d6 (33. gxf3 $11 {was the only way to keep the balance.} Ng5 34. Qd7) 33... Ng5 $1 {[%cal Oh4h3] Strongly threatening ...h3!} 34. Qc8 {[%mdl 8192] [#] To avoid h3} ({But not} 34. gxf3 $2 h3 35. Bxh3 Nxh3+ 36. Kg2 Nxf2 $19) (34. d7 $17 Bc6 35. Qe8 Qxe8 36. dxe8=B Bxe8 37. Nd3) 34... h3 $1 $19 {( -> ...Bxg2)} ({Inferior is} 34... Ne4 35. Qc2 Nxf2 36. Qb2+ (36. Qxf2 Qxf2+ 37. Kxf2 Bg4 $11) 36... f6 37. Qxf2 Qxf2+ 38. Kxf2 $11) 35. d7 $2 (35. Qc4 $19 Ne4 36. Qc2 hxg2 37. Bxg2 Qe1+ 38. Bf1) 35... hxg2 (35... Ne4 $2 36. Qc2 Qd4 37. gxf3 $18) (35... Bxg2 $142 36. Qf8+ Kxf8 37. d8=Q+ Kg7 38. Qxg5 Qxg5 39. Nxh3 Bxh3+ 40. Kf2 Qf4+ 41. Ke1 Bxf1 42. h4 Bd3 43. b4 Qe3+ 44. Kd1 Qe2+ 45. Kc1 Qc2#) 36. Bxg2 {[#]} Qe1+ $1 37. Bf1 Be2 {[%csl Ge2][%cal Re1f1]} 38. Qc3+ Qxc3 39. d8=Q {[#]} Qe1 $1 {[%csl Ge2][%cal Re1f1] Black mates.} 40. Qd4+ Kg8 {[%csl Ge2][%cal Re1f1]} 41. Qd8+ Kh7 {Weighted Error Value: White=0.86/Black=0.39} 0-1

[Event "VIII Iberoamericano Mexico 2022"]
[Site "Mexico City"]
[Date "2022.02.16"]
[Round "5.3"]
[White "Meier, Georg"]
[Black "Veiga, Jose Francisco R P N"]
[Result "1-0"]
[WhiteElo "2631"]
[BlackElo "2366"]
[Annotator "TA"]
[PlyCount "148"]
[EventDate "2022.02.12"]
[EventType "swiss"]
[EventCountry "MEX"]
[SourceTitle "playchess.com"]
[Source "ChessBase"]
[SourceQuality "1"]

{[%evp 17,148,13,23,12,14,0,0,12,27,0,3,-1,120,113,106,114,108,93,104,70,108,112,112,106,111,92,109,96,102,34,43,42,42,42,57,54,69,32,29,35,65,58,85,40,42,0,0,0,3,7,8,12,44,45,45,0,46,46,45,0,0,0,0,0,0,0,0,0,0,-37,-19,-118,-43,-71,0,0,5,6,97,89,100,0,0,0,0,0,0,0,13,8,12,7,8,3,52,52,100,102,185,175,149,158,551,422,480,276,385,371,1696,1584,1650,1470,4133,4129,29975,29976,29976,29975,29977,29977,29977,29978,29978,29979,29979,29980,29980,29981,29982,29981,29981,29982,29985]} 1. d4 Nf6 2. Nf3 g6 3. Bg5 Bg7 4. Nbd2 c5 5. e3 b6 6. Bd3 Bb7 7. O-O O-O 8. c3 Nc6 9. a3 $5 {[%mdl 4] Exploring less charted territory.} d5 10. b4 {D03: 1 d4 d5 2 Nf3 Nf6 3 Bg5, including Torre Attack with early ...d5.} Rc8 {[#]} 11. Rb1 $146 ({Predecessor:} 11. Re1 Re8 12. h3 e5 13. Bb5 e4 14. Ne5 Nxe5 15. Bxe8 Nd3 16. Bb5 Nxe1 17. Qxe1 cxb4 18. cxb4 {1-0 (70) Tristan,L (2535)-Khalafova,N (2279) Chess.com INT 2021}) 11... cxd4 12. cxd4 {The position is equal.} Re8 13. Qa4 Qd7 {[%cal Oc6d4]} 14. Rfc1 {[#]} Ne5 15. Bb5 $16 Bc6 {[#]} 16. Rxc6 $1 {[%mdl 512]} Nxc6 17. Ne5 Qf5 {[%csl LRe5,LRg5]} 18. Bxf6 Nxe5 19. Bxe5 Bxe5 20. dxe5 {Strongly threatening e4.} Red8 21. Rf1 (21. Qxa7 Qc2) 21... Qxe5 22. Nf3 ({Inferior is} 22. Qxa7 d4 23. Nf3 (23. Qxb6 Rb8 $17) 23... Qxb5 24. Nxd4 Qd7 25. Qxb6 Qc7 $15) 22... Qc7 23. Ba6 ({White should try} 23. Re1 $16) 23... Qc2 $14 24. Qxc2 (24. Qb5 {is more complex.} Rc7 25. g3 Qc3 26. Qa4 e5 27. Rd1) 24... Rxc2 25. Ra1 {Prevents Ra2.} Rb2 26. g4 Rd6 27. b5 {Prevents Rc6.} Rf6 28. Kg2 e5 29. g5 Re6 {[%cal Od5d4]} 30. a4 (30. Rd1 $16) 30... d4 31. Ra3 dxe3 32. Rxe3 e4 33. Nd4 Re5 34. h4 Rd5 35. Rxe4 Rb4 {[%csl LRa4,LRd4]} 36. Re8+ Kg7 37. Nf3 Rxa4 38. Bb7 (38. Re7 $14) 38... Rxb5 $11 39. Bc6 Rg4+ 40. Kh3 Rbb4 41. Bd5 Rgf4 42. Kg3 Rf5 43. Be4 Rc5 44. Ne1 (44. Kf4 $1 $11 {keeps the balance.}) 44... a5 (44... Rbc4 $1 $17 {aiming for ...a5.} 45. Kf3 Rc8) 45. f3 Rc3 ({Better is} 45... Rbc4 $1 $17 {Hoping for ...Rc8.} 46. Rb8 a4 47. Rxb6 Ra5) 46. Ng2 $1 Rbc4 47. Nf4 Rc8 {[#]} (47... h6 $1 $11 {remains equal.}) 48. Re7 $1 $16 {[%mdl 1024] White has strong compensation.} Kf8 49. Rb7 ({White should play} 49. Nd5 $16) 49... R3c7 $1 $11 {...Rxb7 is the strong threat.} ({Resist} 49... a4 50. Nd5 Rc1 51. Nxb6 $16) 50. Rxb6 {Black must now prevent Ra6.} Ra7 {Prevents Ra6.} 51. Rb3 a4 52. Ra3 Rb8 53. Bc2 Rb4 54. Nd5 Rc4 55. Be4 Ra5 (55... Rd4 $11 {might be stronger.}) 56. Nf6 $14 Rb4 (56... Kg7 $1 $14) 57. Bd5 {Threatens to win with Re3.} Ke7 (57... Kg7 $16) 58. Re3+ $18 Kd6 59. Bxf7 {White is much more active.} a3 $2 {A mistake that costs the game.} (59... Ra7 $16 60. Rd3+ Kc5 61. Nd7+ Kc6) 60. Re6+ Kc7 61. Re7+ (61. Re1 $142) 61... Kb8 62. Nxh7 Rb7 $2 (62... a2 $2 {[#]} 63. Bxa2 $1 {[%mdl 512]} Rxa2 64. Nf8 $18) (62... Raa4 63. Re8+ (63. Bxg6 a2 $16) 63... Kc7) 63. Rxb7+ Kxb7 64. h5 gxh5 65. g6 {Intending g7 and mate.} a2 {[#]} 66. Bxa2 $1 {[%mdl 512] White mates.} Rxa2 {KR-KN} 67. g7 Ra1 68. Kh2 Ra8 69. Nf6 Kc6 70. g8=Q Rxg8 71. Nxg8 Kd6 72. Nf6 h4 73. Ng4 Ke6 74. Kh3 Kd5 {Weighted Error Value: White=0.13 (very precise) /Black=0.30} 1-0

[Event "VIII Iberoamericano Mexico 2022"]
[Site "Mexico City"]
[Date "2022.02.16"]
[Round "5.4"]
[White "Quesada Perez, Luis Ernesto"]
[Black "Alonso Rosell, Alvar"]
[Result "1/2-1/2"]
[WhiteElo "2517"]
[BlackElo "2570"]
[Annotator "TA"]
[PlyCount "53"]
[EventDate "2022.02.12"]
[EventType "swiss"]
[EventCountry "MEX"]
[SourceTitle "playchess.com"]
[Source "ChessBase"]
[SourceQuality "1"]

{[%evp 11,53,7,7,6,37,26,46,0,0,0,0,0,0,0,29,37,31,-14,0,-31,-25,-100,-117,-105,-90,-97,-100,-113,-103,-108,-112,-133,-35,-26,21,-93,-97,-87,-72,-65,-50,-55,-52,-152]} 1. d4 Nf6 2. c4 e6 3. Nf3 d5 4. g3 dxc4 5. Bg2 c6 6. Ne5 Bb4+ 7. Bd2 {E04: Open Catalan: 5 Nf3.} Be7 (7... Qxd4 {keeps more tension.} 8. Bxb4 Qxe5 9. Na3 b5 10. f4 Qc7) 8. e3 b5 {[%cal Bb7b5,Bb5b4][%mdl 32]} 9. a4 (9. Nxc6 $14 {was preferrable.} Nxc6 10. Bxc6+ Bd7 11. Bxa8 Qxa8 12. f3) 9... b4 $1 $11 10. Nxc4 Ba6 11. b3 O-O 12. O-O Nbd7 13. Bxc6 Rc8 14. Bg2 {[#]} (14. Bb5 $14 Bb7 15. Bc1) 14... Nb6 $146 ({Predecessor:} 14... e5 15. Re1 Bxc4 16. bxc4 Rxc4 17. Qb3 Rc8 18. a5 Re8 19. Rd1 exd4 20. exd4 Bd6 {1-0 (30) Rodshtein,M (2609)-Negi,P (2615) Biel 2010}) 15. Nxb6 Qxb6 16. Be1 (16. Re1 $11) 16... e5 $17 ({Much worse is} 16... Bxf1 $6 17. Bxf1 Ne4 18. Nd2 Nxd2 19. Bxd2 $15) 17. dxe5 {[#]} Rfd8 $1 18. Nd2 Nd7 19. Nc4 Bxc4 20. bxc4 Nxe5 21. Bd5 Nxc4 (21... Rxc4 $17 {...b3 is the strong threat.} 22. e4 Rxe4 $1 23. Bxe4 Rxd1 24. Rxd1 g6) 22. e4 $15 Qf6 (22... Bf6 {is more appropriate.} 23. Rb1 a5) 23. Rc1 {[#]} (23. a5 $1 $11) 23... Nb2 $1 $17 {[%cal Bc4b2,Bb2a4,Ba4b6][%mdl 32]} 24. Qd2 Rxc1 25. Qxc1 Nxa4 {aiming for ...Nb6.} 26. Qc7 {Strongly threatening e5.} Nb6 27. Bb3 {Weighted Error Value: White=0.25 (precise) /Black=0.12 (very precise)} (27. e5 $1 $15 Nxd5 28. exf6 Nxc7 29. fxe7) 1/2-1/2

[Event "VIII Iberoamericano Mexico 2022"]
[Site "Mexico City"]
[Date "2022.02.16"]
[Round "5.5"]
[White "Dominguez Aguilar, Guillermo"]
[Black "Cuenca Jimenez, Jose Fernando"]
[Result "0-1"]
[WhiteElo "2321"]
[BlackElo "2552"]
[Annotator "TA"]
[PlyCount "106"]
[EventDate "2022.02.12"]
[EventType "swiss"]
[EventCountry "MEX"]
[SourceTitle "playchess.com"]
[Source "ChessBase"]
[SourceQuality "1"]

{[%evp 17,106,18,12,8,0,2,8,0,15,0,14,-21,0,0,0,0,0,0,0,-51,-9,-10,-20,-6,-7,-62,-67,-74,-55,-147,-153,-168,-161,-318,-95,-86,-95,-99,-102,-99,-106,-99,-55,-42,-44,-51,-47,-95,-73,-100,-100,-104,-109,-107,-99,-220,-227,-210,-195,-285,-284,-376,-393,-413,-394,-385,-334,-324,-285,-347,-290,-365,-291,-293,-284,-284,-282,-284,-284,-544,-539,-649,-641,-1198,-664,-6737,-6793,-5977,-5925,-5114,-2014]} 1. c4 e6 2. Nc3 d5 3. d4 Nf6 4. Nf3 Nbd7 5. Bg5 h6 6. Bh4 Be7 7. e3 O-O 8. cxd5 Nxd5 9. Bxe7 Qxe7 10. Bd3 {D56: Queen's Gambit Declined: Lasker Defence.} Nxc3 11. bxc3 c5 12. O-O {The position is equal.} b6 13. a4 Bb7 14. e4 Rfd8 {[#]} 15. a5 $146 ({Predecessor:} 15. Re1 Qd6 16. Qb3 cxd4 17. cxd4 Nc5 18. Qa3 Nxd3 19. Qxd3 Rac8 20. a5 Rc7 21. axb6 axb6 22. Rab1 Ra8 23. Qb5 Ra2 24. Qxb6 Qxb6 25. Rxb6 Ba8 26. Rb8+ {½-½ (26) Assad,K (2000)-Gey,M (2065) Agneaux 1999}) 15... c4 16. Bc2 b5 17. Qb1 a6 18. Nd2 (18. Qc1 $11) 18... e5 (18... Rac8 $15) 19. Nxc4 $11 Rac8 20. Ne3 Rxc3 21. Rd1 ({White should play} 21. d5 $11) 21... exd4 $15 22. Rxd4 Ne5 $36 {[%mdl 2048] Black has good play.} 23. Rxd8+ (23. Qb2 $15 Rdc8 24. Rad1) 23... Qxd8 $17 24. Qb4 Qc7 {[%cal Oc3e3] And now ...Rxe3! would win.} 25. Qd4 {[#]} (25. Bd1) 25... Qc5 $2 (25... Rxe3 $1 $19 {[%mdl 512] has better winning chances.} 26. Qxe3 Qxc2) 26. Qxc5 Rxc5 27. Kf1 {[#]} Nc4 $1 28. Nxc4 Rxc4 {[%mdl 4096] Endgame KRB-KRB} ({But not} 28... bxc4 $6 29. Ke2 $11) 29. Bb3 Rxe4 ({Better is} 29... Rc3 $17 30. Bd5 Bxd5 31. exd5 Rd3) 30. Rd1 $15 {Black must now prevent Rd8+.} Re7 31. Rd6 Rc7 32. Ke2 (32. Rd8+ $15 Kh7 33. Rd6) 32... Kf8 33. Kd2 Bc6 34. Rd8+ Ke7 35. Rg8 g6 36. g3 {[#] This move loses the game for White.} (36. f3 $17) 36... Be8 $1 $19 37. f4 Rc5 38. Rh8 (38. g4 $142) 38... h5 39. Kd3 b4 {Threatens to win with ...Rc3+.} 40. Kd4 Rxa5 41. Kc4 Ra1 42. Kxb4 a5+ {[%cal Ba6a5,Ba5a4][%mdl 32]} ({Weaker is} 42... Rb1 43. f5 $17) 43. Kc3 a4 44. Bc2 a3 45. Bb3 a2 {( -> ...Rc1+)} 46. Kb2 {Inhibits Rc1.} Rh1 47. Kxa2 Rxh2+ 48. Ka3 $2 (48. Kb1) 48... Bd7 {Black is clearly winning.} 49. Rh7 Be6 50. f5 Bxb3 51. fxg6 {Strongly threatening g7.} Bc2 52. Rxf7+ Ke6 53. g4 Bxg6 {Weighted Error Value: White=0.56/Black=0.14 (very precise)} 0-1

[Event "VIII Iberoamericano Mexico 2022"]
[Site "Mexico City"]
[Date "2022.02.16"]
[Round "5.6"]
[White "Obregon Rivero, Juan Carlos"]
[Black "Sandoval Mercado, Carlos"]
[Result "1-0"]
[WhiteElo "2536"]
[BlackElo "2289"]
[Annotator "TA"]
[PlyCount "92"]
[EventDate "2022.02.12"]
[EventType "swiss"]
[EventCountry "MEX"]
[SourceTitle "playchess.com"]
[Source "ChessBase"]
[SourceQuality "1"]

{[%evp 12,92,56,24,37,34,25,31,34,33,34,36,45,28,83,78,77,86,76,13,20,6,21,0,54,37,66,66,70,43,27,31,58,18,29,16,23,11,38,38,31,35,118,97,100,92,168,162,172,42,47,0,46,54,81,83,82,58,79,73,58,66,77,75,362,342,341,333,447,445,446,441,438,438,418,397,406,342,465,380,704,699,1093]} 1. c4 Nf6 2. Nc3 g6 3. e4 d6 4. d4 {[%cal Bd2d4,Bd4d5][%mdl 32]} Bg7 5. Be2 O-O 6. Be3 Nc6 {6...Na6 is a critical line.} 7. d5 Ne5 {E73: King's Indian: Averbakh Variation without 6...c5.} 8. f4 Neg4 9. Bd2 Nh6 $1 {White is slightly better.} 10. Nf3 e6 11. dxe6 fxe6 {[#]} 12. Qc2 $146 ({Predecessor:} 12. O-O Nf7 13. Qc2 Bd7 14. Bd3 e5 15. fxe5 Nxe5 16. Nxe5 dxe5 17. Nd5 c6 18. Nxf6+ Bxf6 {½-½ (56) Juksta,K (2310)-Alexakis,D (2459) Corum 2019}) 12... Qe7 (12... Nh5 $11 {remains equal.}) 13. O-O-O $16 e5 14. fxe5 dxe5 15. h3 ({Better is} 15. Nd5 $16 Nxd5 16. cxd5) 15... c6 $11 16. g4 {[%cal Bg2g4,Bg4g5][%mdl 32] And now g5 would win.} Nf7 17. Be3 Be6 (17... Nd7 $11) 18. Nd2 Rfb8 19. Kb1 Nd8 {[%cal Bf7d8,Bd8e6,Be6d4][%mdl 32]} 20. g5 {White is more active.} Nd7 21. h4 $36 {[%mdl 2048] White has good play.} Bf7 $1 22. h5 Ne6 $1 23. hxg6 Bxg6 24. Bh5 Nd4 (24... Nxg5 $2 25. Bxg6 hxg6 26. Rdg1 $18) 25. Qd3 Nc5 26. Qf1 Qe6 (26... Nce6 $14) 27. Bxg6 $16 Qxg6 28. Rh4 a6 ({Don't take} 28... Rf8 29. Qh3 $14) (28... Rd8 $16) 29. Qh3 $1 $18 b5 {[#]} 30. Rg1 (30. Rh1 $1 $18) 30... bxc4 $1 $14 {[%cal Ob8b2] Strongly threatening ...Rxb2+!} 31. Nxc4 (31. Nd1 $1 $14) 31... Qf7 (31... Rb4 $11 {might be stronger.} 32. Rh6 Qf7) 32. Qf1 {Really sharp!} Rf8 33. Qxf7+ Rxf7 34. Rgh1 Raf8 {[#]} 35. Nd2 {To avoid Rf1+} ({Much weaker is} 35. Rxh7 Rf1+ 36. Bc1 Nd3 $11) 35... Nd3 36. Rxh7 Nf2 37. R1h4 Ng4 $2 {[%mdl 8192] [#] Black cannot hold the game after this.} 38. Rxg7+ $1 $18 {[%mdl 512]} Kxg7 39. Rxg4 Kg6 40. Rh4 Rh7 41. Rh6+ Rxh6 42. gxh6 Ne6 43. b3 Nf4 44. Nf3 Kf6 45. Na4 Rg8 $2 (45... Rh8 46. Nb6 Rxh6 47. Nd7+ Ke6 48. Ndxe5 Rh1+ 49. Kb2 Ng2) 46. Nc5 Rg3 {Weighted Error Value: White=0.19 (very precise) /Black=0.35} 1-0

[Event "VIII Iberoamericano Mexico 2022"]
[Site "Mexico City"]
[Date "2022.02.16"]
[Round "5.7"]
[White "Santos, Jose Guilherme B Lim"]
[Black "Cori, Jorge"]
[Result "0-1"]
[WhiteElo "2363"]
[BlackElo "2650"]
[Annotator "TA"]
[PlyCount "70"]
[EventDate "2022.02.12"]
[EventType "swiss"]
[EventCountry "MEX"]
[SourceTitle "playchess.com"]
[Source "ChessBase"]
[SourceQuality "1"]

{[%evp 10,70,33,34,64,56,63,46,66,54,68,56,88,50,62,51,66,57,59,52,51,37,43,44,43,42,43,35,39,39,35,0,7,0,13,-10,-22,-29,-32,-46,-20,-25,-17,-27,-25,-17,-14,-64,-16,-16,-16,-22,-12,-732,-767,-760,-653,-893,-961,-860,-834,-499,-433]} 1. c4 e5 2. Nc3 Nc6 3. Nf3 Nf6 4. e4 d6 5. d4 exd4 6. Nxd4 Bd7 {A28: English Opening: Four Knights Variation.} 7. Be2 Be7 8. O-O O-O {White is slightly better.} 9. f3 Re8 10. Be3 {[#]} a5 $146 ({Predecessor:} 10... Nxd4 11. Bxd4 Be6 12. Qd2 a6 13. Kh1 c6 14. a4 a5 15. f4 Qc7 16. b3 Rad8 {0-1 (47) Iordachescu,V (2553)-Gurevich,V (2486) Playchess.com INT 2006}) 11. b3 Nxd4 12. Qxd4 Bc6 13. Rad1 Nd7 14. Nd5 Bf6 15. Nxf6+ (15. Qd2 {is interesting.} b6 16. Rfe1 h5 17. Qc2 Nc5 18. Bf1) 15... Qxf6 16. Qxf6 Nxf6 17. Kf2 b6 18. g4 {[%cal Bg2g4,Bg4g5][%mdl 32]} Nd7 19. h4 f6 20. g5 Rf8 21. Kg3 Rae8 22. Rd3 Nc5 23. Bxc5 bxc5 24. Rf2 fxg5 25. hxg5 Re5 26. f4 Ree8 ({Don't do} 26... Rxe4 27. Bf3 $14) 27. e5 dxe5 28. fxe5 (28. f5 $11) 28... Rxf2 (28... Rxe5 $15 29. Rxf8+ Kxf8) 29. Kxf2 $11 Rxe5 {[%mdl 4096] Endgame KRB-KRB} 30. Rd8+ Re8 31. Rxe8+ {[%mdl 8192] [#] Now White is beyond hope.} (31. Rd3 $11) 31... Bxe8 $19 {Black is clearly winning.} 32. Bd3 h6 {[%cal Bh7h6,Bh6g5,Bg5g4][%mdl 32]} 33. Kg3 hxg5 34. Kg4 Kf7 35. Kf5 g4 {Weighted Error Value: White=0.52/Black=0.11 (very precise)} 0-1

[Event "VIII Iberoamericano Mexico 2022"]
[Site "Mexico City"]
[Date "2022.02.16"]
[Round "5.8"]
[White "Fier, Alexandr"]
[Black "Sanchez Enriquez, Oscar Gerardo"]
[Result "1-0"]
[WhiteElo "2583"]
[BlackElo "2305"]
[Annotator "TA"]
[PlyCount "65"]
[EventDate "2022.02.12"]
[EventType "swiss"]
[EventCountry "MEX"]
[SourceTitle "playchess.com"]
[Source "ChessBase"]
[SourceQuality "1"]

{[%evp 10,65,23,4,6,10,33,18,11,4,25,20,41,33,35,31,35,35,60,53,60,35,37,21,35,32,33,33,41,31,96,89,96,100,100,122,95,95,77,75,75,75,75,0,0,4,70,70,70,70,117,123,122,85,98,76,89,68]} 1. e4 e5 2. Nf3 Nc6 3. Bc4 Bc5 4. c3 Nf6 5. d3 a6 6. Bg5 h6 {C54: Giuoco Piano: 4 c3 Nf6, main lines with 5 d4 and 5 d3.} 7. Bh4 Be7 8. Nbd2 d6 {The position is equal.} 9. a4 O-O (9... g5 {is interesting.} 10. Bg3 g4 11. Ng1 Nh5 12. f3 f5) 10. Bg3 Be6 11. Bxe6 fxe6 {[#]} 12. b4 $146 ({Predecessor:} 12. O-O Qe8 13. Qb3 Qd7 14. d4 exd4 15. Nxd4 Nxd4 16. cxd4 Nh5 {½-½ (16) Pavlidis,A (2537)-Chigaev,M (2634) Karlsruhe 2019}) 12... Qd7 13. O-O b5 14. Qb3 Rfb8 15. a5 Nh5 16. Rfe1 Bf6 17. Rad1 Qf7 18. Nf1 Nxg3 19. hxg3 d5 (19... Rf8 $14) 20. Ne3 {[%cal Re4d5]} Rd8 {[#]} 21. Ng4 $1 d4 22. Rc1 {[%cal Bd1c1,Bc1c5,Bc5e5,Be5e6,Be6e7,Be7c7,Bc7c8][%mdl 32] Strongly threatening c4.} Qe7 23. cxd4 Nxd4 24. Nxd4 (24. Nxf6+ {keeps more tension.} gxf6 25. Qd1 Nxf3+ 26. Qxf3 Rd6 27. Rc3) 24... Rxd4 25. Rc5 (25. Nxf6+ {is interesting.} gxf6 26. Rc5 Rad8 27. Re3 R8d7 28. g4) 25... Rad8 26. Nxe5 {White is more active.} (26. Re3 $16) 26... Bxe5 27. Rxe5 Rxb4 (27... R8d6 $1 $11) 28. Qxe6+ $14 Qxe6 29. Rxe6 $16 {Hoping for Rc1. KRR-KRR} Rd6 {[#]} (29... Rxd3 $14 30. Rxa6 Rc4) 30. Re7 $1 {White is better.} Rxd3 31. Rxc7 Rb2 32. Rc8+ Kf7 33. e5 {Weighted Error Value: White=0.09 (flawless) /Black=0.16 (very precise)} 1-0